Our nation's path: (Record no. 1679)

MARC details
000 -LEADER
fixed length control field 00798cam a22002651 4500
001 - CONTROL NUMBER
control field 2664185
003 - CONTROL NUMBER IDENTIFIER
control field OSt
005 - DATE AND TIME OF LATEST TRANSACTION
control field 20230620115842.0
008 - FIXED-LENGTH DATA ELEMENTS--GENERAL INFORMATION
fixed length control field 850213s1970 ko 000 0 eng
010 ## - LIBRARY OF CONGRESS CONTROL NUMBER
LC control number 72184987
020 ## - INTERNATIONAL STANDARD BOOK NUMBER
Terms of availability 6.55
040 ## - CATALOGING SOURCE
Original cataloging agency DLC
Transcribing agency DLC
Modifying agency DLC
-- OCoLC
041 1# - LANGUAGE CODE
Language code of text/sound track or separate title engkor
082 ## - DEWEY DECIMAL CLASSIFICATION NUMBER
Classification number 320.95
Item number CHU
100 1# - MAIN ENTRY--PERSONAL NAME
Personal name Park, Chung Hee,
Dates associated with a name 1917-1979.
245 10 - TITLE STATEMENT
Title Our nation's path:
Remainder of title ideology of social reconstruction,
Statement of responsibility, etc. by Park Chung Hee.
250 ## - EDITION STATEMENT
Edition statement [2d ed.]
260 ## - PUBLICATION, DISTRIBUTION, ETC. (IMPRINT)
Place of publication, distribution, etc. Seoul,
Name of publisher, distributor, etc. Hollym Corp.
Date of publication, distribution, etc. [1970]
300 ## - PHYSICAL DESCRIPTION
Extent xiv, 240 p.
Dimensions 24 cm.
440 #2 - SERIES STATEMENT/ADDED ENTRY--TITLE
Title A New horizon in Asia,
Volume/sequential designation 1
500 ## - GENERAL NOTE
General note Translation of Uri minjok ŭi nagal kil.
651 #0 - SUBJECT ADDED ENTRY--GEOGRAPHIC NAME
Geographic name Korea (South)
General subdivision Politics and government
Chronological subdivision 1960-1988.
906 ## - LOCAL DATA ELEMENT F, LDF (RLIN)
a 7
b cbc
c orignew
d 1
e ncip
f 19
g y-gencatlg
942 ## - ADDED ENTRY ELEMENTS (KOHA)
Source of classification or shelving scheme Dewey Decimal Classification
Koha item type Books
Holdings
Withdrawn status Lost status Source of classification or shelving scheme Damaged status Not for loan Home library Current library Date acquired Total Checkouts Full call number Barcode Date last seen Price effective from Koha item type
    Dewey Decimal Classification     County Hall Archives County Hall Archives 06/20/2023   320.95 CHU 10000771 06/20/2023 06/20/2023 Books
LIBRARY OPENING HOURS

When the Parliament is sitting: 8.00a.m - 7.00p.m or until the house adjourns
Mondays and Fridays and when the House is on Recess:  8.00a.m - 5.00p.m
Closed on Weekends and Public Holidays

Online Public Access Catalog (OPAC)
Website: http://www.parliament.go.ke
Bunge Library: https://libraryir.parliament.go.ke
Contact: library@parliament.go.ke | Tel no: (254-2)2221291 or 2848000 Ext 5043